Biblioteka Instytutu Północnego w Olsztynie

Widok standardowy Widok MARC

Pozycja Personal Name

Liczba rekordów, w których użyto hasła: 3

001 - Numer kontrolny

  • control field: 40703

003 - Identyfikator numeru kontrolnego

  • control field: NUKAT

005 - Data i czas ostatniej modyfikacji

  • control field: 20260427213402.0

008 - Dane kontrolne kodowane (40 znaków)

  • fixed length control field: 980630n||a|znnaabn |a aaa |c

010 ## - Numer kontrolny Biblioteki Kongresu

  • numer kontrolny LC: n 98701629

024 7# - OTHER STANDARD IDENTIFIER

  • Standard number or code: 102017486
  • Source of number or code: viaf

024 7# - OTHER STANDARD IDENTIFIER

  • Standard number or code: 0000000071617279
  • Source of number or code: isni

040 ## - Instytucja sporządzająca rekord

  • inst. przygot. dane do rek. khw: TOR U/KC
  • język haseł przedmiotowych/tezaurus: kaba
  • inst. wprow. rek. khw: TOR U/TL
  • inst. modyf. rek. khw: WA U/BM

046 ## - Special dates

  • Birth date: 1898
  • Death date: 1961

100 1# - Hasło - nazwa osobowa

  • nazwa osobowa w formie ujednoliconej: Górzyński, Stefan
  • daty biograficzne: (1898-1961).

670 ## - Źródło informacji

  • źródło informacji: Kp. Ogólny Zjazd Literatów Polskich w Poznaniu, 6-9 czerwca 1929 / oprac. i zestawili Wanda Zembrzuska, Stefan Górzyński. - Poznań, 1929.

670 ## - Źródło informacji

  • źródło informacji: BNPol online
Biblioteka Instytutu Północnego, ul. Partyzantów 87, 10-402 Olsztyn, email: biblioteka(at)ip.olsztyn.pl